000 00435nam a2200157 4500
001 128017
003 ES-MaACL
005 20230906193136.0
007 t|
008 070214s1958 sp r ||||1| spa d
100 1 _aRíos Sarmiento, Juan.
_997396
245 1 0 _aManual de interdictos /
_cJuan Ríos Sarmiento.
260 _aBarcelona :
_bJ. Mª. Bosch,
_c1958.
300 _a158 p. ;
_c20 cm.
852 _aES-MaACL
_jC-14060
_bR.41744
999 _c128017
_d128017